LDR 00958naa#a2200193#i#450# 001 RU\\bibl\120455 005 20260419142939.7 011 ## _a2782-4586 100 ## _a20260331b2026####ek#y0rusy0150####ca 102 ## _aRU 200 1# _aТеневая экономическая деятельность транснациональных корпораций: операционные модели и механизмы резильентности (на примере Grupo SURA) _eЖурнальная статья 210 1# _aМосква _cУниверситет ИТБО _d2026 215 ## _a14 с. 608 ## _aЖурнальная статья _2local 675 ## _aЭкономические науки в целом. Политическая экономия. 330 _z 700 #1 _aНаумова _gОльга Александровна 700 #1 _aАнаньев _gЛев Борисович 700 #1 _aКоролев _gАндрей Андреевич 856 4# _azhpi.ru _u